The new Lankan review : (Record no. 3327)
[ view plain ]
| 000 -LEADER | |
|---|---|
| fixed length control field | 00500nam a2200145Ia 4500 |
| 005 - DATE AND TIME OF LATEST TRANSACTION | |
| control field | 20241213054534.0 |
| 008 - FIXED-LENGTH DATA ELEMENTS--GENERAL INFORMATION | |
| fixed length control field | 240331s9999 xx 000 0 und d |
| 082 ## - DDC Classification | |
| Item Number - Author Mark | NEW |
| Class No. | 823 |
| 245 #4 - TITLE STATEMENT | |
| Title | The new Lankan review : |
| Remainder of title | 30468 |
| 260 ## - PUBLICATION, DISTRIBUTION, ETC. | |
| Place of publication, distribution, etc. | Colombo |
| Name of publisher, distributor, etc. | Sam Printing Works |
| Date of publication, distribution, etc. | 1983 |
| 300 ## - PHYSICAL DESCRIPTION | |
| Extent (e.g. Volumes, Pages etc.) | 68 p ., |
| 500 ## - GENERAL NOTE | |
| General note | The Poetry and prose are selected from Lankan Anthology a series of original writing in English by Sri Lankans, Presented fortnightly on the SLBC. |
| 700 ## - ADDED ENTRY--PERSONAL NAME | |
| Personal name | Wijesinha, R. |
| Relator term (Role) | Editor |
| 942 ## - Koha item type (Biblio) | |
| Koha item type | Books in Stacks (Lending) |
| Lost status | Damaged status | Collection code | Home library | Current library | Shelving location | Date acquired | Full call number | Accession Number | Item type |
|---|---|---|---|---|---|---|---|---|---|
| Lending | WERC Library | WERC Library | Social Science Cupboard | 03/31/2024 | 823 NEW | 1382 | Books in Stacks (Lending) |
